Statistics for Songs With World Cities In The Title 1960's - 1990's

Click here to take the quiz!

General Stats

  • This quiz has been taken 45 times
  • The average score is 4 of 15

Answer Stats

Song Title/YearAnswer% Correct
London Calling (1979)Clash
95%
One Night In Bangkok (1984)Murray Head
53%
Kingston Town (1990)UB40
44%
Rotterdam (Or Anywhere) (1996)Beautiful South
37%
Istanbul (Not Constantinople) (1990)They Might Be Giants
33%
Belfast (1977)Boney M
28%
Tokyo Joe (1977)Bryan Ferry
23%
Warszawa (1977)David Bowie
21%
Midnight In Moscow (1961)Kenny Ball and his Jazzmen
21%
Rio (1977)Michael Nesmith
19%
Barcelona (1987)Freddie Mercury and Montserrat Caballe
14%
Funky Nassau (1971)Beginning Of The End
9%
A Windmill In Old Amsterdam (1965)Ronnie Hilton
7%
New York City (1975)T Rex
7%
Johannesburg (1975)Gil Scott Heron
5%

Score Distribution

Percentile by Number Answered

Percent of People with Each Score

Your Score History

You have not taken this quiz